[Event "Muensterland Verbandsliga Gr1 2223"]
[Site "Germany"]
[Date "2022.10.22"]
[Round "2.8"]
[White "Blomqvist, Pontus"]
[Black "Bartelheimer, Maik"]
[Result "1-0"]
[WhiteElo "1361"]
[BlackElo "1634"]
[PlyCount "69"]
[EventDate "2022.09.10"]
[EventType "team-tourn"]
[EventRounds "5"]
[EventCountry "GER"]
[SourceTitle "EXT 2024"]
[Source "ChessBase"]
[SourceDate "2023.10.10"]
[SourceVersion "1"]
[SourceVersionDate "2023.10.10"]
[SourceQuality "1"]
[WhiteTeam "Nordwalde"]
[BlackTeam "Nienberge II"]
[WhiteTeamCountry "GER"]
[BlackTeamCountry "GER"]

1. e4 d5 2. exd5 Nf6 3. Nc3 Nxd5 4. Bc4 Nb6 5. Bb3 Nc6 6. d3 Bf5 7. Nf3 e6 8. Bf4 Bd6 9. Bxd6 Qxd6 10. 0-0 0-0-0 11. Re1 h6 12. Ne4 Qd7 13. Qe2 g5 14. Ng3 h5 15. Nxg5 h4 16. Nxf5 exf5 17. Nxf7 Nd4 18. Qe7 Qc6 19. Be6+ Nd7 20. Nxd8 Rxd8 21. Bxd7+ Rxd7 22. Qe8+ Rd8 23. Qxc6 bxc6 24. Rac1 Rg8 25. Re3 h3 26. g3 f4 27. Re4 Nf3+ 28. Kh1 fxg3 29. fxg3 Nd2 30. Rh4 Rf8 31. Rxh3 Rf2 32. Kg1 Re2 33. Rh8+ Kb7 34. Rf8 Re3 35. Kf2 1-0

[Event "Muensterland Verbandsliga Gr1 2223"]
[Site "Germany"]
[Date "2022.09.10"]
[Round "1.8"]
[White "Hartmann, Viktor"]
[Black "Blomqvist, Pontus"]
[Result "1-0"]
[WhiteElo "1640"]
[BlackElo "1361"]
[PlyCount "59"]
[EventDate "2022.09.10"]
[EventType "team-tourn"]
[EventRounds "5"]
[EventCountry "GER"]
[SourceTitle "EXT 2024"]
[Source "ChessBase"]
[SourceDate "2023.10.10"]
[SourceVersion "1"]
[SourceVersionDate "2023.10.10"]
[SourceQuality "1"]
[WhiteTeam "Ibbenbueren"]
[BlackTeam "Nordwalde"]
[WhiteTeamCountry "GER"]
[BlackTeamCountry "GER"]

1. e4 e5 2. Nf3 Nc6 3. a3 Nf6 4. Nc3 Bc5 5. Bc4 d6 6. h3 0-0 7. d3 Be6 8. Nd5 h6 9. 0-0 Nd4 10. c3 Nxf3+ 11. Qxf3 Nxd5 12. exd5 Bd7 13. b4 Bb6 14. Kh2 f5 15. a4 a6 16. Bd2 f4 17. a5 Ba7 18. Rad1 Qh4 19. Bc1 Bg4 20. Qxg4 Qxg4 21. hxg4 g5 22. f3 Kf7 23. d4 Rae8 24. b5 axb5 25. Bxb5 Re7 26. Rfe1 Kf6 27. dxe5+ Rxe5 28. Rxe5 Kxe5 29. c4 Kf6 30. Re1 1-0

[Event "Steinfurt Bezirksklasse 1617"]
[Site "Germany"]
[Date "2016.10.29"]
[Round "2.5"]
[White "Blomqvist, Pontus"]
[Black "Thiele, Simon"]
[Result "1-0"]
[WhiteElo "1251"]
[BlackElo "1272"]
[PlyCount "74"]
[EventDate "2016.09.17"]
[EventType "team"]
[EventRounds "10"]
[EventCountry "GER"]
[SourceTitle "EXT 2018"]
[Source "ChessBase"]
[SourceDate "2017.10.13"]
[SourceVersion "1"]
[SourceVersionDate "2017.10.13"]
[SourceQuality "1"]
[WhiteTeam "Nordwalde II"]
[BlackTeam "Emsdetten Rochade VI"]
[WhiteTeamCountry "GER"]
[BlackTeamCountry "GER"]

1. e4 e5 2. Nf3 Nc6 3. Bc4 Bc5 4. d3 Nf6 5. Be3 Bxe3 6. fxe3 d6 7. 0-0 Bg4 8. Qe1 Qe7 9. Ng5 Bh5 10. Nc3 h6 11. Nf3 Nb4 12. Bb5+ c6 13. Ba4 0-0-0 14. a3 Na6 15. b4 d5 16. exd5 Nxd5 17. e4 Nf4 18. Qe3 Kb8 19. b5 cxb5 20. Nxb5 Nc5 21. Bb3 a6 22. Nc3 Rc8 23. Nd5 Nxd5 24. Bxd5 Na4 25. Rab1 Rc7 26. Rb3 f6 27. Rfb1 Nc5 28. Rb6 Bf7 29. Nh4 g5 30. Nf5 Qd7 31. Nd6 Bxd5 32. exd5 Qh7 33. Nc4 Rd8 34. d6 Rcd7 35. Qxc5 Rc8 36. Qd5 Ka8 37. Na5 Rb8 1-0

[Event "Muensterland Verbandsklasse 1314"]
[Site "Germany"]
[Date "2014.03.08"]
[Round "7.8"]
[White "Blomqvist, Pontus"]
[Black "Schlagheck, Thomas"]
[Result "0-1"]
[WhiteElo "1304"]
[BlackElo "1688"]
[PlyCount "68"]
[EventDate "2013.09.21"]
[EventType "team-tourn"]
[EventRounds "9"]
[EventCountry "GER"]
[SourceTitle "EXT 2015"]
[Source "ChessBase"]
[SourceDate "2014.11.20"]
[SourceVersion "1"]
[SourceVersionDate "2014.11.20"]
[SourceQuality "1"]
[WhiteTeam "Nordwalde"]
[BlackTeam "Muenster SK IV"]
[WhiteTeamCountry "GER"]
[BlackTeamCountry "GER"]

1. e4 c5 2. Nc3 d6 3. Nf3 Nf6 4. d3 Nc6 5. Be2 e6 6. 0-0 Be7 7. Be3 0-0 8. Qd2 a6 9. Ng5 d5 10. exd5 Nxd5 11. Nxd5 exd5 12. Bf3 Nd4 13. c3 Nf5 14. Bf4 Nh4 15. Rfe1 h6 16. g3 hxg5 17. gxh4 gxf4 18. h5 Bg5 19. Re5 Be6 20. Kh1 Qf6 21. d4 Rad8 22. Rg1 Bh6 23. Qe2 c4 24. Bg4 Bxg4 25. Qxg4 Rfe8 26. Rf5 Qe6 27. Rxf4 Qxg4 28. Rfxg4 Rd6 29. R4g2 Re2 30. f3 Rxg2 31. Rxg2 Re6 32. Kg1 Kf8 33. Kf1 Rf6 34. Kf2 Rf5 0-1

[Event "Steinfurt Bezirksklasse 1314"]
[Site "Germany"]
[Date "2014.02.22"]
[Round "5.4"]
[White "Olschimke, Adrian"]
[Black "Blomqvist, Pontus"]
[Result "0-1"]
[WhiteElo "952"]
[BlackElo "1288"]
[PlyCount "64"]
[EventDate "2013.10.05"]
[EventType "team-tourn"]
[EventRounds "9"]
[EventCountry "GER"]
[SourceTitle "EXT 2015"]
[Source "ChessBase"]
[SourceDate "2014.11.20"]
[SourceVersion "1"]
[SourceVersionDate "2014.11.20"]
[SourceQuality "1"]
[WhiteTeam "Steinfurt IV"]
[BlackTeam "Nordwalde II"]
[WhiteTeamCountry "GER"]
[BlackTeamCountry "GER"]

1. e4 e5 2. Nf3 Nc6 3. Bc4 Bc5 4. c3 Nf6 5. d4 exd4 6. cxd4 Bb4+ 7. Bd2 Nxe4 8. Qe2 d5 9. Bxb4 Nxb4 10. Nc3 Bf5 11. Ng5 Qxg5 12. Nxd5 Nxd5 13. Bxd5 Qxg2 14. 0-0-0 Qxf2 15. Rde1 Qxd4 16. Bxe4 Bxe4 17. Qxe4+ Qxe4 18. Rxe4+ Kf8 19. Rd1 Re8 20. Rde1 Rxe4 21. Rxe4 g6 22. b4 Kg7 23. Kc2 h5 24. Re7 Rc8 25. a4 Kf6 26. Re4 Kg5 27. h4+ Kf5 28. Kd3 Rd8+ 29. Ke3 Rd5 30. Rf4+ Ke6 31. Re4+ Re5 32. Rxe5+ Kxe5 0-1

[Event "Muensterland Verbandsklasse 1314"]
[Site "Germany"]
[Date "2013.12.21"]
[Round "4.8"]
[White "Gemsa, Michael"]
[Black "Blomqvist, Pontus"]
[Result "1-0"]
[WhiteElo "1437"]
[BlackElo "1304"]
[PlyCount "45"]
[EventDate "2013.09.21"]
[EventType "team-tourn"]
[EventRounds "9"]
[EventCountry "GER"]
[SourceTitle "EXT 2015"]
[Source "ChessBase"]
[SourceDate "2014.11.20"]
[SourceVersion "1"]
[SourceVersionDate "2014.11.20"]
[SourceQuality "1"]
[WhiteTeam "Gescher"]
[BlackTeam "Nordwalde"]
[WhiteTeamCountry "GER"]
[BlackTeamCountry "GER"]

1. Nf3 Nc6 2. c4 e5 3. Nc3 d6 4. d3 Be7 5. g3 Be6 6. Bg2 Bf6 7. 0-0 Nge7 8. Ng5 Nf5 9. Nge4 0-0 10. c5 Rc8 11. cxd6 cxd6 12. Nxf6+ Qxf6 13. Nd5 Bxd5 14. Bxd5 Rc7 15. Qa4 Rfc8 16. Bd2 Nfd4 17. Rae1 b6 18. f4 Qg6 19. fxe5 Nxe5 20. Qxd4 Rc2 21. Bc3 Qh5 22. Rf2 Re8 23. Qa4 1-0

[Event "Steinfurt Bezirksklasse 1314"]
[Site "Germany"]
[Date "2013.12.07"]
[Round "3.4"]
[White "Fischer, Marcel"]
[Black "Blomqvist, Pontus"]
[Result "1/2-1/2"]
[WhiteElo "1071"]
[BlackElo "1288"]
[PlyCount "53"]
[EventDate "2013.10.05"]
[EventType "team-tourn"]
[EventRounds "9"]
[EventCountry "GER"]
[SourceTitle "EXT 2015"]
[Source "ChessBase"]
[SourceDate "2014.11.20"]
[SourceVersion "1"]
[SourceVersionDate "2014.11.20"]
[SourceQuality "1"]
[WhiteTeam "Emsdetten Rochade IV"]
[BlackTeam "Nordwalde II"]
[WhiteTeamCountry "GER"]
[BlackTeamCountry "GER"]

1. e4 e5 2. Nf3 Nc6 3. Bc4 Nf6 4. Nc3 Bc5 5. d3 d6 6. Be3 Bxe3 7. fxe3 Be6 8. Bb5 0-0 9. Bxc6 bxc6 10. 0-0 Ng4 11. Qe1 f5 12. h3 fxe4 13. Nxe4 Nf6 14. Qh4 Nxe4 15. Qxe4 Bd5 16. Qg4 Rf6 17. Rf2 Rg6 18. Qf5 Be6 19. Qe4 Bxh3 20. Raf1 Bg4 21. d4 Bxf3 22. Rxf3 Qd7 23. dxe5 d5 24. Qb4 Qe8 25. e4 Re6 26. exd5 cxd5 27. Qb7 1/2-1/2

[Event "Steinfurt Bezirksklasse 1213"]
[Site "Germany"]
[Date "2013.04.27"]
[Round "8.3"]
[White "Blomqvist, Pontus"]
[Black "Ortmeier, Peter"]
[Result "0-1"]
[WhiteElo "1395"]
[BlackElo "1727"]
[PlyCount "30"]
[EventDate "2012.09.29"]
[EventType "team-tourn"]
[EventRounds "9"]
[EventCountry "GER"]
[SourceTitle "EXT 2015"]
[Source "ChessBase"]
[SourceDate "2014.11.20"]
[SourceVersion "1"]
[SourceVersionDate "2014.11.20"]
[SourceQuality "1"]
[WhiteTeam "Nordwalde II"]
[BlackTeam "Emsdetten Turm IV"]
[WhiteTeamCountry "GER"]
[BlackTeamCountry "GER"]

1. e4 c5 2. Nf3 Nc6 3. Bc4 d6 4. d3 g6 5. Be3 Bg7 6. c3 Nf6 7. Nbd2 a6 8. 0-0 0-0 9. Nh4 Ne5 10. f4 Nfg4 11. Qe1 Nxe3 12. Qxe3 Nxc4 13. Nxc4 b5 14. Nd2 b4 15. c4 Bd4 0-1

[Event "Steinfurt Bezirksklasse 1213"]
[Site "Germany"]
[Date "2012.11.03"]
[Round "2.5"]
[White "Blomqvist, Pontus"]
[Black "Roos, Bastian"]
[Result "1/2-1/2"]
[WhiteElo "1395"]
[BlackElo "1333"]
[PlyCount "34"]
[EventDate "2012.09.29"]
[EventType "team-tourn"]
[EventRounds "9"]
[EventCountry "GER"]
[SourceTitle "EXT 2015"]
[Source "ChessBase"]
[SourceDate "2014.11.20"]
[SourceVersion "1"]
[SourceVersionDate "2014.11.20"]
[SourceQuality "1"]
[WhiteTeam "Nordwalde II"]
[BlackTeam "Saerbeck III"]
[WhiteTeamCountry "GER"]
[BlackTeamCountry "GER"]

1. e4 c5 2. Nf3 Nc6 3. Bc4 e6 4. Nc3 a6 5. a4 g6 6. d3 Bg7 7. Bd2 Nge7 8. 0-0 0-0 9. Qc1 d5 10. exd5 exd5 11. Bb3 Bf5 12. Bh6 Qd7 13. Qf4 Rad8 14. Qh4 Be6 15. Bxg7 Nf5 16. Qf4 Kxg7 17. Rad1 Qd6 1/2-1/2

[Event "Steinfurt Bezirksliga 1112"]
[Site "Germany"]
[Date "2012.03.03"]
[Round "6.5"]
[White "Blomqvist, Pontus"]
[Black "Niering, Thorsten"]
[Result "0-1"]
[WhiteElo "1381"]
[BlackElo "1853"]
[PlyCount "68"]
[EventDate "2011.10.01"]
[EventType "team-tourn"]
[EventRounds "9"]
[EventCountry "GER"]
[SourceTitle "EXT 2013"]
[Source "ChessBase"]
[SourceDate "2012.11.22"]
[SourceVersion "1"]
[SourceVersionDate "2012.11.22"]
[SourceQuality "1"]
[WhiteTeam "Nordwalde II"]
[BlackTeam "Steinfurt III"]
[WhiteTeamCountry "GER"]
[BlackTeamCountry "GER"]

1. e4 g6 2. Bc4 Bg7 3. Nf3 e6 4. Nc3 d6 5. 0-0 Ne7 6. Re1 a6 7. d3 h6 8. Bf4 b6 9. Qd2 Bb7 10. Bb3 Nd7 11. Rad1 Nc5 12. d4 Nxb3 13. axb3 g5 14. Bg3 Ng6 15. d5 e5 16. Qe2 0-0 17. b4 Qe7 18. b5 a5 19. Na4 g4 20. Nd2 h5 21. Nc4 h4 22. Qxg4 hxg3 23. Qxg3 Qh4 24. Rd3 Qxg3 25. Rxg3 Nf4 26. Ne3 Bc8 27. Ng4 Bxg4 28. Rxg4 f5 29. Rg5 fxe4 30. Rxe4 Nxd5 31. c4 Nf6 32. Re3 Rf7 33. b3 Kf8 34. Nc3 Bh6 0-1

[Event "Steinfurt Bezirksliga 1112"]
[Site "Germany"]
[Date "2012.01.07"]
[Round "4.5"]
[White "Blomqvist, Pontus"]
[Black "Rengers, Rainer"]
[Result "0-1"]
[WhiteElo "1381"]
[BlackElo "1611"]
[PlyCount "62"]
[EventDate "2011.10.01"]
[EventType "team-tourn"]
[EventRounds "9"]
[EventCountry "GER"]
[SourceTitle "EXT 2013"]
[Source "ChessBase"]
[SourceDate "2012.11.22"]
[SourceVersion "1"]
[SourceVersionDate "2012.11.22"]
[SourceQuality "1"]
[WhiteTeam "Nordwalde II"]
[BlackTeam "Neuenkirchen II"]
[WhiteTeamCountry "GER"]
[BlackTeamCountry "GER"]

1. e4 d5 2. exd5 Qxd5 3. Nc3 Qd6 4. Bc4 Nf6 5. d3 a6 6. Nf3 Bf5 7. Ng5 Bg6 8. Qf3 Nbd7 9. 0-0 c6 10. Re1 Ne5 11. Qf4 Nxc4 12. dxc4 Qxf4 13. Bxf4 Bxc2 14. Rac1 Bg6 15. Na4 e6 16. Nb6 Rd8 17. Rcd1 Rxd1 18. Rxd1 Be7 19. Bd6 Bxd6 20. Rxd6 Ke7 21. c5 h6 22. Nf3 Rd8 23. Nc4 b5 24. Rxd8 Kxd8 25. Nce5 Kc7 26. Nd4 Bb1 27. Nxf7 Bxa2 28. b4 Bd5 29. f3 Nd7 30. Kf2 e5 31. Nf5 Bxf7 0-1